|
|
|
|
| LEADER |
02189nam a2200577 a 4500 |
| 001 |
nkc20122346856 |
| 003 |
CZ PrNK |
| 005 |
20120411085444.0 |
| 007 |
ta |
| 008 |
120309s2012 xr a e f 000 0 cze |
| 015 |
|
|
|a cnb002346856
|
| 020 |
|
|
|a 978-80-7358-192-3
|q (brož.)
|
| 035 |
|
|
|a (OCoLC)791328036
|
| 040 |
|
|
|a BOA001
|b cze
|d ABA001
|
| 043 |
|
|
|a e-xr---
|
| 072 |
|
7 |
|a 51
|x Matematika
|2 Konspekt
|9 13
|
| 080 |
|
|
|a 51
|2 MRF
|
| 080 |
|
|
|a 373.5.016
|2 MRF
|
| 080 |
|
|
|a 37.091.274/.275
|2 MRF
|
| 080 |
|
|
|a (437.3)
|2 MRF
|
| 080 |
|
|
|a (036)
|2 MRF
|
| 080 |
|
|
|a (072)
|2 MRF
|
| 080 |
|
|
|a (079.1)
|2 MRF
|
| 100 |
1 |
|
|a Kučerová, Renata
|7 mzk2012689989
|4 aut
|
| 245 |
1 |
0 |
|a Maturita 2012 - M :
|b základní úroveň /
|c [autorsky zpracovali Renata Kučerová, Štěpán Ledvinka]
|
| 246 |
1 |
|
|i Hřbetní název a název v tiráži:
|a Maturita 2012 z matematiky
|
| 250 |
|
|
|a Vyd. 1.
|
| 260 |
|
|
|a Brno :
|b Didaktis,
|c c2012
|
| 300 |
|
|
|a 71 s. :
|b il. ;
|c 29 cm
|
| 490 |
1 |
|
|a Odmaturuj!
|
| 500 |
|
|
|a Obálkový podnázev: příprava na společnou část maturitní zkoušky z matematiky pro studenty středních škol a jejich učitele
|
| 650 |
0 |
7 |
|a matematika
|7 ph117231
|x úlohy
|2 czenas
|
| 650 |
0 |
7 |
|a učivo středních škol
|7 ph136702
|2 czenas
|
| 650 |
0 |
7 |
|a maturitní zkoušky
|7 ph136836
|z Česko
|2 czenas
|
| 650 |
0 |
9 |
|a mathematics
|x problems, exercises, etc
|2 eczenas
|
| 650 |
0 |
9 |
|a secondary school curriculum
|2 eczenas
|
| 650 |
0 |
9 |
|a high school equivalency examinations
|z Czechia
|2 eczenas
|
| 655 |
|
7 |
|a informační publikace
|7 fd132454
|2 czenas
|
| 655 |
|
7 |
|a metodické příručky
|7 fd132826
|2 czenas
|
| 655 |
|
7 |
|a testy
|7 fd133697
|2 czenas
|
| 655 |
|
9 |
|a information publications
|2 eczenas
|
| 655 |
|
9 |
|a methodological manuals
|2 eczenas
|
| 655 |
|
9 |
|a tests
|2 eczenas
|
| 700 |
1 |
|
|a Ledvinka, Štěpán,
|d 1974-
|7 ola2011632355
|4 aut
|
| 830 |
|
0 |
|a Odmaturuj!
|0 s
|
| 910 |
2 |
|
|a BOA001
|b 4-1281.376
|
| 990 |
|
|
|a BK
|
| 995 |
|
|
|a 01
|
| 991 |
|
|
|b 201203
|c NOV
|e n
|
| 996 |
6 |
|
|b 2610505128
|c 4-1281.376
|l MZK
|r Sklad / do 1 hodiny
|n 9
|p p.v.
|w 001234181
|u 000010
|a 1
|e BOA001
|j MZK50
|s P
|
| 996 |
7 |
|
|b 2610505129
|c 4-1281.376
|l MZK
|r Sklad / do 1 hodiny
|n 16
|w 001234181
|u 000020
|a 1
|e BOA001
|j MZK50
|s A
|